Perception, cognition and aesthetics (Record no. 750983)

MARC details
000 -LEADER
fixed length control field 00933nam a2200289Ia 4500
003 - CONTROL NUMBER IDENTIFIER
control field OSt
005 - DATE AND TIME OF LATEST TRANSACTION
control field 20220928113722.0
008 - FIXED-LENGTH DATA ELEMENTS--GENERAL INFORMATION
fixed length control field 220927b |||||||| |||| 00| 0 eng d
037 ## - SOURCE OF ACQUISITION
Terms of availability Textual
040 ## - CATALOGING SOURCE
Original cataloging agency SDCL
Transcribing agency SDCL
Language of cataloging eng
041 ## - LANGUAGE CODE
Source of code eng
Language code of text/sound track or separate title eng
100 ## - MAIN ENTRY--PERSONAL NAME
Personal name Shottenkirk Dena Ed.
9 (RLIN) 434686
245 #0 - TITLE STATEMENT
Title Perception, cognition and aesthetics
260 ## - PUBLICATION, DISTRIBUTION, ETC.
Place of publication, distribution, etc. New York
Name of publisher, distributor, etc. Routledge
Date of publication, distribution, etc. 2019
300 ## - PHYSICAL DESCRIPTION
Extent vii,352p.
Dimensions cm.
490 ## - SERIES STATEMENT
Series statement Routledge studies in contemporary philosophy
650 ## - SUBJECT ADDED ENTRY--TOPICAL TERM
Topical term or geographic name entry element Philosophy
700 ## - ADDED ENTRY--PERSONAL NAME
Personal name Curado Manual Ed.
9 (RLIN) 434687
700 ## - ADDED ENTRY--PERSONAL NAME
Personal name Gouveia Steven S. Ed.
9 (RLIN) 434688
942 ## - ADDED ENTRY ELEMENTS (KOHA)
Classification part R5, Q9
Koha item type Textual
Source of classification or shelving scheme Colon Classification (CC)
Holdings
Withdrawn status Lost status Damaged status Not for loan Home library Current library Date acquired Source of acquisition Total Checkouts Full call number Barcode Date last seen Price effective from Koha item type
        South Campus Library South Campus Library 2022-09-28 252, 12/03/2020, Classic Book Service   R5 Q9 SC1625237 2022-09-28 2022-09-28 Textual
Copyright @ Delhi University Library System